|
|
|
|
| LEADER |
01401nam a2200289 a 4500 |
| 001 |
GR-MES3794 |
| 008 |
991111s1995 gr 000 0 gre d |
| 020 |
|
|
|a 9602365244
|
| 040 |
|
|
|a GrPaTEI
|b gre
|c GR-PaULI
|
| 245 |
0 |
2 |
|a Ο επερχόμενος οικονομικός πόλεμος μεταξύ Ιαπωνίας Ευρώπης και Αμερικής =
|b Head to head.
|
| 260 |
|
|
|a Αθήνα :
|b Νέα σύνορα,
|c 1995
|
| 300 |
|
|
|a 495σελ.
|
| 490 |
1 |
|
|a Λόγος / Ν. Κοτζιάς
|
| 500 |
|
|
|a Περιέχει σημειώσεις στο τέλος του βιβλίου
|
| 650 |
|
4 |
|a ΑΜΕΡΙΚΗ
|
| 650 |
|
4 |
|a ΔΙΕΘΝΗΣ ΟΙΚΟΝΟΜΙΚΗ ΠΟΛΙΤΙΚΗ
|
| 650 |
|
4 |
|a Ευρώπη
|
| 650 |
|
4 |
|a Ιαπωνία
|
| 650 |
|
4 |
|a Οικονομία
|
| 700 |
1 |
|
|a Θάροου, Λ.
|
| 700 |
1 |
|
|a Σοκοδήμος, Ανδρέας
|
| 710 |
0 |
|
|a Νέα σύνορα
|
| 830 |
|
0 |
|1 0015707
|1 2001
|a Σκέπασε μάνα σκέπασε ,ή ,Ορφέας και Ευρυδίκη : Δράμα σε δύο μέρη και δεκαεννέα εικόνες (Βενιέρης Μάνος)
|
| 942 |
|
|
|2 ddc
|
| 952 |
|
|
|0 0
|1 0
|2 ddc
|4 0
|6 327_111000000000000_ΘΑΡ
|7 0
|9 268415
|a MSLG
|b MSLG
|c BSC
|d 2021-01-17
|e 24
|f 0
|g 0.00
|l 0
|o 327.111 ΘΑΡ
|p 2420000010966
|r 2021-01-17 00:00:00
|t 1
|w 2021-01-17
|y BK15
|x 19991111 0 1
|x GrPaTEI
|
| 971 |
|
|
|a .b25748397
|b 16-04-20
|c 13-09-16
|
| 999 |
|
|
|c 154655
|d 154655
|